[Event "Corr"]
[Site "?"]
[Date "2000.09.30"]
[Round "?"]
[White "Nimtz Manfred"]
[Black "Costa Carlos Evanir"]
[Result "1-0"]
[WhiteElo "2627"]
[BlackElo "2616"]
[PlyCount "109"]
[EventDate "2000.??.??"]
[Source "www.chesslib.no"]
[SourceDate "2004.05.04"]

1. e4 e5 2. f4 exf4 3. Nf3 d6 4. d4 g5 5. h4 g4 6. Ng1 Bh6 7. Nc3 c6 8. Nge2 Qf6 9. g3 fxg3 10. Nxg3 Bxc1 11. Rxc1 Qh6 12. Qd2 Qxd2+ 13. Kxd2 Ne7 14. Nh5 f5 15. Re1 O-O 16. Bd3 Ng6 17. exf5 Bxf5 18. Bxf5 Rxf5 19. Ng3 Rf2+ 20. Kc1 Nd7 21. h5 Nh8 22. Nge4 Rf4 23. Nxd6 Rxd4 24. Nxb7 Nf7 25. Re6 Nfe5 26. Nd6 Rf4 27. Nce4 Raf8 28. Rd1 Rf3 29. b3 g3 30. Kb2 R8f4 31. Re8+ Rf8 32. Re7 R8f4 33. Rg1 Rg4 34. Nc5 Nxc5 35. Re8+ Rf8 36. Rxe5 Nd7 37. Re4 Rg7 38. Re3 g2 39. Re2 Rf6 40. Rexg2 Rxg2 41. Rxg2+ Kf8 42. Ne4 Re6 43. Rd2 Ne5 44. Rd8+ Kg7 45. Nc5 Rh6 46. Ra8 Rxh5 47. Rxa7+ Kg6 48. a4 Nc4+ 49. Kc3 Ne3 50. b4 Rh1 51. Nd3 h5 52. Ra6 h4 53. Rxc6+ Kg5 54. Rc5+ Nf5 55. b5 1-0

[Event "SUI Team Ch"]
[Site "Switzerland"]
[Date "1991.??.??"]
[Round "?"]
[White "Gallagher, Joseph G"]
[Black "Huebner, Robert"]
[Result "1/2-1/2"]
[WhiteElo "2520"]
[BlackElo "2620"]
[PlyCount "43"]
[EventDate "1991.??.??"]
[Source "www.chesslib.no"]
[SourceDate "2004.05.04"]

1. e4 e5 2. f4 exf4 3. Nf3 d6 4. d4 g5 5. h4 g4 6. Ng1 Bh6 7. Nc3 Be6 8. Qd3 a6 9. Bd2 Nc6 10. Nd5 Bxd5 11. exd5 Nce7 12. Ne2 Nxd5 13. Qe4+ Nge7 14. c4 Nf6 15. Qxb7 Qb8 16. Qxb8+ Rxb8 17. Bxf4 Bxf4 18. Nxf4 Ne4 19. b3 Ng6 20. Nh5 g3 21. Be2 O-O 22. O-O 1/2-1/2

[Event "Lippstadt"]
[Site "Lippstadt GER"]
[Date "1991.??.??"]
[Round "8"]
[White "Bosboom, Manuel"]
[Black "Dautov, Rustem"]
[Result "0-1"]
[WhiteElo "2480"]
[BlackElo "2570"]
[PlyCount "52"]
[EventDate "1991.??.??"]
[Source "www.chesslib.no"]
[SourceDate "2004.05.04"]

1. e4 e5 2. f4 exf4 3. Nf3 d6 4. Nc3 g5 5. h4 g4 6. Ng5 h6 7. Nxf7 Kxf7 8. d4 Nf6 9. Bxf4 Be7 10. Bc4+ Kg7 11. O-O Nc6 12. Qd2 Rh7 13. Rae1 Kh8 14. Nd5 Ng8 15. h5 Bg5 16. Ne3 Bd7 17. Bd3 Rg7 18. c3 Bxf4 19. Rxf4 Qg5 20. Ref1 Qxh5 21. Nf5 Bxf5 22. Rxf5 Qh4 23. Qf4 Nce7 24. g3 Qh3 25. Rb5 Rf8 26. Qe3 Rf3 0-1

[Event "SSDF 40-2, DK Bramming"]
[Site "?"]
[Date "1999.04.28"]
[Round "22"]
[White "MChess 8 P200MMX 60MB"]
[Black "Nimzo 99 P200MMX 47MB"]
[Result "1-0"]
[WhiteElo "2481"]
[BlackElo "2565"]
[PlyCount "156"]
[EventDate "1999.??.??"]
[Source "www.chesslib.no"]
[SourceDate "2004.05.04"]

1. e4 e5 2. f4 exf4 3. Nf3 d6 4. d4 g5 5. h4 g4 6. Ng1 Bh6 7. Nc3 Nf6 8. Bc4 Nh5 9. Nge2 c6 10. Qd3 Nd7 11. a4 Nf8 12. Bd2 Ng6 13. O-O-O Be6 14. d5 Ne5 15. Qd4 c5 16. Bb5+ Bd7 17. Bxd7+ Kxd7 18. Qg1 Nc4 19. Kb1 Nxd2+ 20. Rxd2 Rg8 21. Rd3 f3 22. gxf3 c4 23. Rd4 gxf3 24. Qf2 Qf6 25. e5 Rg2 26. Qf1 Qf5 27. e6+ Ke8 28. Ka1 Bg7 29. Rxc4 fxe6 30. dxe6 a6 31. Rg1 Rxg1 32. Nxg1 f2 33. Nh3 d5 34. Rb4 Qxe6 35. Nxf2 Bxc3 36. bxc3 Rc8 37. Rxb7 Nf6 38. Kb1 Rxc3 39. Nd3 Rc4 40. Rb8+ Ke7 41. Qg1 Nd7 42. Rb7 Kd8 43. h5 h6 44. Qa7 Qg4 45. Nb2 Rc6 46. Qa8+ Ke7 47. Qh8 Rd6 48. Qe5+ Qe6 49. Qd4 Qf6 50. Qg4 Qe6 51. Qh4+ Qf6 52. Qh3 Qe6 53. Qg3 Qf5 54. Qh2 Qe6 55. Ra7 Qg4 56. a5 Rf6 57. Ka2 Re6 58. Ra8 Rc6 59. Kb1 Qb4 60. Qg3 Nf6 61. Qe5+ Kf7 62. Rb8 Qe7 63. Nd3 Qc7 64. Qxc7+ Rxc7 65. Rb6 Nxh5 66. Rxa6 Kg7 67. Rb6 Rc3 68. a6 Ra3 69. Nc5 Nf4 70. Rb5 Ne2 71. Kb2 Ra2+ 72. Kxa2 Nc3+ 73. Ka3 Nxb5+ 74. Ka4 Na7 75. Ka5 Nc8 76. Nb7 h5 77. Nd6 Na7 78. Kb6 Kg6 1-0

[Event "SSDF 40-2, DK Bramming"]
[Site "?"]
[Date "1999.04.20"]
[Round "12"]
[White "MChess 8 P200MMX 60MB"]
[Black "Nimzo 99 P200MMX 47MB"]
[Result "0-1"]
[WhiteElo "2481"]
[BlackElo "2565"]
[PlyCount "88"]
[EventDate "1999.??.??"]
[Source "www.chesslib.no"]
[SourceDate "2004.05.04"]

1. e4 e5 2. f4 exf4 3. Nf3 d6 4. d4 g5 5. h4 g4 6. Ng1 Bh6 7. Nc3 Nf6 8. Bc4 c6 9. Nge2 Nh5 10. Qd3 Nd7 11. a3 Nf8 12. d5 Ng6 13. dxc6 bxc6 14. Bd5 Bb7 15. Ba2 Ne5 16. Qd2 Ba6 17. Rh2 Qf6 18. Rh1 f3 19. Qxh6 f2+ 20. Kd1 f1=Q+ 21. Rxf1 Qxf1+ 22. Kd2 Nf6 23. Qf4 Bxe2 24. Nxe2 Qxf4+ 25. Nxf4 Nxe4+ 26. Ke3 Ng3 27. Nd3 f5 28. b4 Kd7 29. Bb2 Rhe8 30. Nxe5+ dxe5 31. Rd1+ Kc8 32. Bf7 f4+ 33. Kd2 Re7 34. Bc4 Kc7 35. Ke1 Nf5 36. Bc1 Nxh4 37. Kf2 Rd8 38. Rxd8 Kxd8 39. a4 Nf5 40. Ke1 h5 41. Be2 Rd7 42. c3 Ng3 43. Bc4 Ne4 44. b5 Nxc3 0-1

[Event "SSDF 40-2, DK Bramming"]
[Site "?"]
[Date "1999.03.30"]
[Round "4"]
[White "MChess 8 P200MMX 60MB"]
[Black "Nimzo 99 P200MMX 47MB"]
[Result "0-1"]
[WhiteElo "2481"]
[BlackElo "2565"]
[PlyCount "90"]
[EventDate "1999.??.??"]
[Source "www.chesslib.no"]
[SourceDate "2004.05.04"]

1. e4 e5 2. f4 exf4 3. Nf3 d6 4. d4 g5 5. h4 g4 6. Ng1 Bh6 7. Nc3 Nf6 8. Bc4 c6 9. Nge2 Nh5 10. Qd3 Nd7 11. a3 Nf8 12. Bd2 Ng6 13. O-O-O Be6 14. d5 Bc8 15. Ba2 Ne5 16. Qd4 c5 17. Qf2 g3 18. Qf1 Qf6 19. Ng1 O-O 20. Nf3 Ng4 21. Re1 Ne3 22. Qg1 Bg4 23. Nd1 Nxd1 24. Rxd1 Rae8 25. Re1 Qg6 26. e5 Bxf3 27. gxf3 dxe5 28. Qg2 Qd6 29. Kb1 b5 30. Qe2 a6 31. Ba5 Nf6 32. h5 e4 33. fxe4 Rxe4 34. Qd1 Rd4 35. Qf3 Nxd5 36. Rd1 Ne3 37. Rxd4 Qxd4 38. Bc3 Qd7 39. Rc1 c4 40. Qh1 g2 41. Rg1 Qg4 42. Rxg2 Qxg2 43. Qxg2+ Nxg2 44. Bd4 f3 45. Bf2 Rd8 0-1

[Event "SSDF 40-2, DK Bramming"]
[Site "?"]
[Date "1999.04.27"]
[Round "20"]
[White "MChess 8 P200MMX 60MB"]
[Black "Nimzo 99 P200MMX 47MB"]
[Result "0-1"]
[WhiteElo "2481"]
[BlackElo "2565"]
[PlyCount "74"]
[EventDate "1999.??.??"]
[Source "www.chesslib.no"]
[SourceDate "2004.05.04"]

1. e4 e5 2. f4 exf4 3. Nf3 d6 4. d4 g5 5. h4 g4 6. Ng1 Bh6 7. Nc3 Nf6 8. Nge2 Nh5 9. g3 c6 10. Bxf4 Bxf4 11. gxf4 g3 12. Qd3 Rg8 13. O-O-O Bg4 14. Bg2 Na6 15. Rdf1 Nb4 16. Qe3 Qb6 17. a3 Na6 18. Rhg1 Nc7 19. Nxg3 Nxg3 20. Qxg3 Qxd4 21. Rd1 Qc5 22. b4 Qb6 23. Bh3 h5 24. Rxd6 a5 25. Na4 Qa7 26. b5 Nxb5 27. Rd3 Nd4 28. Rg2 O-O-O 29. Qe3 b5 30. Nc3 Rd7 31. f5 Re8 32. Bxg4 hxg4 33. Rxg4 Qc5 34. Kb1 b4 35. Qd2 bxc3 36. Rxc3 Qb5+ 37. Ka1 Red8 0-1

[Event "ch"]
[Site "chess.net INT"]
[Date "1995.??.??"]
[Round "?"]
[White "Fedorov, Alexei"]
[Black "Kovalev, Andrei"]
[Result "1-0"]
[WhiteElo "2495"]
[BlackElo "2545"]
[PlyCount "77"]
[EventDate "1995.??.??"]
[Source "www.chesslib.no"]
[SourceDate "2004.05.04"]

1. e4 e5 2. f4 exf4 3. Nf3 d6 4. d4 g5 5. h4 g4 6. Ng1 f5 7. Nc3 Nf6 8. Bxf4 fxe4 9. d5 Nh5 10. Bg5 Be7 11. Bb5+ c6 12. dxc6 bxc6 13. Nd5 Bxg5 14. hxg5 Ng3 15. Qd4 O-O 16. Bc4 Be6 17. Nf6+ Rxf6 18. gxf6 Bxc4 19. Rh4 Qa5+ 20. Kf2 Nf5 21. Rxg4+ Kf7 22. Qxc4+ d5 23. Qc3 Qb6+ 24. Ke2 h5 25. Rg5 Nd4+ 26. Kd2 Ne6 27. Rxh5 Qf2+ 28. Ne2 d4 29. Qh3 e3+ 30. Kd3 Na6 31. Rh7+ Kxf6 32. Rh6+ Kg7 33. Qg4+ Kf8 34. Rh8+ Ke7 35. Rxa8 Nb4+ 36. Kc4 Nxc2 37. Rh1 Qf7 38. Rxa7+ Nc7+ 39. Kc5 1-0

[Event "Lenk Open"]
[Site "Lenk SUI"]
[Date "1991.??.??"]
[Round "6"]
[White "Gallagher, Joseph G"]
[Black "Ziatdinov, Raset"]
[Result "1-0"]
[WhiteElo "2520"]
[BlackElo "2515"]
[PlyCount "123"]
[EventDate "1991.06.??"]
[Source "www.chesslib.no"]
[SourceDate "2004.05.04"]

1. e4 e5 2. f4 exf4 3. Nf3 d6 4. d4 g5 5. h4 g4 6. Ng1 f3 7. Bg5 Be7 8. Qd2 h6 9. Bxe7 fxg2 10. Bxg2 Nxe7 11. Nc3 Ng6 12. Qf2 Nd7 13. h5 Ngf8 14. Nge2 Qf6 15. Qg3 Ne6 16. O-O-O Qg5+ 17. Kb1 Nf6 18. e5 dxe5 19. dxe5 Nd7 20. Rd5 c6 21. Ne4 Qe7 22. Rd2 Ng5 23. Nd6+ Kf8 24. Nf5 Qe6 25. Rf1 Kg8 26. Rd6 Qxe5 27. Rxd7 Qxg3 28. Rd8+ Kh7 29. Rxh8+ Kxh8 30. Nfxg3 Be6 31. Kc1 Re8 32. Rf4 Bc8 33. Kd2 Re5 34. Nd4 Kh7 35. Bf1 c5 36. Bd3+ Kh8 37. Ndf5 Be6 38. Nxh6 Nf3+ 39. Kc3 b5 40. b3 c4 41. bxc4 bxc4 42. Bxc4 Re3+ 43. Kb2 Bxc4 44. Rxc4 Ne5 45. Rc8+ Kh7 46. Nhf5 Rf3 47. Rc7 a6 48. a3 Rf4 49. Re7 Nc4+ 50. Kc3 Nxa3 51. Rxf7+ Kh8 52. Re7 a5 53. Nh4 Nb5+ 54. Kd3 Kg8 55. h6 Rf7 56. Re4 Kh7 57. Nhf5 Ra7 58. Rxg4 a4 59. Ne4 Ra6 60. Rg7+ Kh8 61. Ng5 Nd6 62. Ne7 1-0

[Event "Sukhumi"]
[Site "Sukhumi GEO"]
[Date "1972.09.01"]
[Round "13"]
[White "Huebner, Robert"]
[Black "Honfi, Karoly"]
[Result "0-1"]
[WhiteElo "2590"]
[BlackElo "2440"]
[PlyCount "80"]
[EventDate "1972.08.16"]
[Source "www.chesslib.no"]
[SourceDate "2004.05.04"]

1. e4 e5 2. f4 exf4 3. Nf3 d6 4. Bc4 h6 5. O-O g5 6. g3 Bh3 7. Rf2 Nf6 8. gxf4 gxf4 9. Nc3 Rg8+ 10. Kh1 Ng4 11. Re2 Ne5 12. Ng1 Rxg1+ 13. Qxg1 f3 14. Bb5+ c6 15. Rf2 Bg2+ 16. Rxg2 fxg2+ 17. Qxg2 cxb5 18. d4 Ng6 19. Be3 Nd7 20. Rf1 Nb6 21. Nxb5 Qd7 22. Qe2 a6 23. Nc3 O-O-O 24. a4 Kb8 25. a5 Na8 26. Qf3 Nh8 27. Qf6 Be7 28. Qxh6 Nc7 29. Qh7 Qg4 30. h3 Qg6 31. Qxg6 fxg6 32. Bh6 Rg8 33. Kg2 Kc8 34. Kg3 Kd7 35. Be3 Rf8 36. Ra1 Nf7 37. Kg4 Rh8 38. Rf1 Ke8 39. Kg3 Rh5 40. Ra1 Ng5 0-1

[Event "Lenk Open"]
[Site "Lenk SUI"]
[Date "1992.??.??"]
[Round "?"]
[White "Gallagher, Joseph G"]
[Black "Flear, Glenn C"]
[Result "1/2-1/2"]
[WhiteElo "2510"]
[BlackElo "2505"]
[PlyCount "56"]
[EventDate "1992.06.??"]
[Source "www.chesslib.no"]
[SourceDate "2004.05.04"]

1. e4 e5 2. f4 exf4 3. Nf3 d6 4. d4 g5 5. h4 g4 6. Ng1 Qf6 7. Nc3 Ne7 8. Nge2 Bh6 9. Qd2 Nbc6 10. Nb5 Kd8 11. d5 Ne5 12. Nxf4 a6 13. Nd4 g3 14. Nde2 Rg8 15. Qd4 Bg4 16. Be3 Bxe2 17. Nxe2 Nf3+ 18. gxf3 Qxf3 19. Bxh6 Qxh1 20. Bg5 g2 21. Kf2 Rxg5 22. hxg5 gxf1=Q+ 23. Rxf1 Qh4+ 24. Ng3 Kd7 25. Qf6 Rg8 26. Rh1 Qxg5 27. Qxg5 Rxg5 28. Rxh7 Ke8 1/2-1/2

[Event "Corr"]
[Site "?"]
[Date "1998.??.??"]
[Round "?"]
[White "Prochazka Dalibor"]
[Black "Morgado Juan Sebastian"]
[Result "0-1"]
[WhiteElo "2284"]
[BlackElo "2694"]
[PlyCount "72"]
[EventDate "1998.??.??"]
[Source "www.chesslib.no"]
[SourceDate "2004.05.04"]

1. e4 e5 2. f4 exf4 3. Nf3 d6 4. d4 g5 5. h4 g4 6. Ng1 Bh6 7. Ne2 Qf6 8. Nbc3 c6 9. g3 fxg3 10. Nxg3 Bxc1 11. Rxc1 Qh6 12. Bd3 Ne7 13. Nce2 Be6 14. c4 c5 15. Rc3 cxd4 16. Nxd4 Nbc6 17. Be2 O-O-O 18. Nxe6 fxe6 19. Bxg4 Ne5 20. Be2 Rhg8 21. Qd2 Qg7 22. Kd1 N7c6 23. Kc1 Qf6 24. h5 Qf2 25. Rf1 Qg2 26. Qe1 Rdf8 27. Rg1 Qf2 28. Qd1 Qc5 29. Rg2 Rf2 30. Rxf2 Qxf2 31. Qf1 Qh2 32. Qe1 Nd4 33. Bd1 Ndf3 34. Bxf3 Rxg3 35. Bd1 Nd3+ 36. Rxd3 Rxd3 0-1

[Event "Noteboom"]
[Site "?"]
[Date "1996.??.??"]
[Round "?"]
[White "Jonkman Harmen"]
[Black "Nikolic Predrag"]
[Result "0-1"]
[WhiteElo "2325"]
[BlackElo "2645"]
[PlyCount "65"]
[EventDate "1996.??.??"]
[Source "www.chesslib.no"]
[SourceDate "2004.05.04"]

1. e4 e5 2. f4 exf4 3. Nf3 d6 4. d4 g5 5. g3 h6 6. Nc3 Bg7 7. gxf4 g4 8. Be3 gxf3 9. Qxf3 h5 10. h3 d5 11. Nxd5 Ne7 12. Nxe7 Qxe7 13. O-O-O Nd7 14. Rg1 Bh6 15. d5 Nf8 16. e5 Qh4 17. Kb1 Bd7 18. e6 fxe6 19. dxe6 Nxe6 20. Qxb7 Rd8 21. Bc4 Qe7 22. Qf3 Rb8 23. Rg6 Nf8 24. Ra6 Bg7 25. Bb3 Bf5 26. Bxa7 Rxb3 27. Qxb3 Be6 28. Qb5+ Bd7 29. Qa5 Ne6 30. f5 Nf4 31. Re1 Ne2 32. Qd2 O-O 33. Rxe2 0-1

[Event "Paris Ch"]
[Site "Paris FRA"]
[Date "1990.??.??"]
[Round "?"]
[White "Gallagher, Joseph G"]
[Black "Flear, Glenn C"]
[Result "1/2-1/2"]
[WhiteElo "2470"]
[BlackElo "2470"]
[PlyCount "59"]
[EventDate "1990.05.??"]
[Source "www.chesslib.no"]
[SourceDate "2004.05.04"]

1. e4 e5 2. f4 exf4 3. Nf3 d6 4. Bc4 h6 5. d3 g5 6. g3 g4 7. Nd4 Bg7 8. c3 f3 9. Qb3 Qd7 10. Bf4 Nc6 11. Nf5 Be5 12. Nd2 Na5 13. Qb4 Nxc4 14. Nxc4 Bxf4 15. gxf4 Ne7 16. Nce3 Nxf5 17. Nxf5 c5 18. Qb5 Kd8 19. Qxd7+ Kxd7 20. h3 gxh3 21. Kf2 Kc7 22. Ne3 f5 23. Kxf3 Bd7 24. Nd5+ Kc6 25. Rag1 c4 26. Rg7 cxd3 27. Nb4+ Kc7 28. Nd5+ Kc6 29. Nb4+ Kc7 30. Nd5+ 1/2-1/2

[Event "Le Touquet Open"]
[Site "Le Touquet"]
[Date "1988.??.??"]
[Round "3"]
[White "Gallagher, Joseph G"]
[Black "Flear, Glenn C"]
[Result "1-0"]
[WhiteElo "2480"]
[BlackElo "2460"]
[PlyCount "81"]
[EventDate "1988.??.??"]
[Source "www.chesslib.no"]
[SourceDate "2004.05.04"]

1. e4 e5 2. f4 exf4 3. Nf3 d6 4. d4 g5 5. h4 g4 6. Ng1 f3 7. Be3 Be7 8. Bf2 Nf6 9. Nc3 Rg8 10. Be3 Nh5 11. gxf3 Ng3 12. Rh2 Nxf1 13. Kxf1 g3 14. Rg2 Bxh4 15. Bf4 b6 16. Qe1 Ba6+ 17. Nge2 Nc6 18. Rd1 Qd7 19. Bxg3 Qh3 20. Kf2 O-O-O 21. Qh1 Qxh1 22. Rxh1 Bxg3+ 23. Rxg3 Rxg3 24. Kxg3 Rg8+ 25. Kf2 Rg7 26. d5 Ne5 27. Nd4 f6 28. b3 Ng6 29. Ne6 Rf7 30. Nd1 Bb5 31. Ne3 Bd7 32. Nf5 a6 33. Ke3 Ne5 34. f4 Ng6 35. c4 Be8 36. Nfg7 Bd7 37. Rxh7 Bxe6 38. dxe6 Re7 39. f5 Ne5 40. Rh8+ Kb7 41. Nh5 1-0

[Event "Leon"]
[Site "Leon ESP"]
[Date "1988.??.??"]
[Round "?"]
[White "De la Villa Garcia, Jesus Maria"]
[Black "Rivas Pastor, Manuel"]
[Result "1/2-1/2"]
[WhiteElo "2435"]
[BlackElo "2505"]
[PlyCount "71"]
[EventDate "1988.??.??"]
[Source "www.chesslib.no"]
[SourceDate "2004.05.04"]

1. e4 e5 2. f4 exf4 3. Nf3 d6 4. d4 g5 5. h4 g4 6. Ng1 f3 7. gxf3 Be7 8. Be3 Bxh4+ 9. Kd2 Nc6 10. Nc3 Bf6 11. Bb5 a6 12. Bxc6+ bxc6 13. fxg4 Rb8 14. Qf3 Rxb2 15. Rf1 Qe7 16. Nh3 h6 17. Rh2 Rh7 18. e5 dxe5 19. Qxc6+ Bd7 20. Qa8+ Qd8 21. Qe4 Rg7 22. Kc1 Rb8 23. dxe5 Be7 24. Rd2 Qc8 25. Nf4 Bxg4 26. Rd4 c6 27. Rg1 Kf8 28. Rc4 Bf5 29. Qxc6 Rxg1+ 30. Bxg1 Qxc6 31. Rxc6 Rc8 32. Rxc8+ Bxc8 33. Ncd5 Ba3+ 34. Kd2 Ne7 35. Nb6 Bb4+ 36. c3 1/2-1/2

[Event "Reykjavik op"]
[Site "Reykjavik"]
[Date "1996.??.??"]
[Round "3"]
[White "Yoos, John C"]
[Black "Hjartarson, Johann"]
[Result "0-1"]
[WhiteElo "2345"]
[BlackElo "2570"]
[PlyCount "64"]
[EventDate "1996.03.??"]
[Source "ChessBase"]

1. e4 e5 2. f4 exf4 3. Nf3 d6 4. Bc4 h6 5. d4 g5 6. h4 Bg7 7. O-O Nc6 8. c3 Nf6 9. hxg5 Nh5 10. g6 fxg6 11. Nh2 Rf8 12. b4 a6 13. a4 Bd7 14. Ba3 Ng3 15. Re1 Qh4 16. e5 dxe5 17. b5 Ne7 18. Nd2 Qh5 19. Qb3 Rf5 20. Ndf3 e4 21. Be6 axb5 22. Bxe7 Kxe7 23. Bxf5 Qxf5 24. Nd2 e3 25. Ndf1 Ne4 26. Nf3 g5 27. Nxe3 fxe3 28. Rxe3 Be6 29. Qb4+ Kd8 30. Rae1 Rxa4 31. Qb2 Ra2 32. Qb1 Rxg2+ 0-1

[Event "Krasnodar"]
[Site "?"]
[Date "2001.??.??"]
[Round "?"]
[White "Nadyrhanov Sergey"]
[Black "Stambulian Arsen"]
[Result "1/2-1/2"]
[WhiteElo "2525"]
[BlackElo "2371"]
[PlyCount "61"]
[EventDate "2001.??.??"]
[Source "www.chesslib.no"]
[SourceDate "2004.05.04"]

1. e4 e5 2. f4 exf4 3. Nf3 d6 4. d4 g5 5. h4 g4 6. Ng1 Be7 7. Bxf4 Bxh4+ 8. g3 Bf6 9. Nc3 Ne7 10. Qd2 Nbc6 11. Nge2 b6 12. O-O-O Bb7 13. Rh5 Qd7 14. Be3 O-O-O 15. Nf4 Kb8 16. Be2 Rdg8 17. Qe1 Bg5 18. Qf2 h6 19. Nfd5 Nxd5 20. Nxd5 Qe6 21. Nc3 Ne7 22. Rdh1 Bxe3+ 23. Qxe3 Rg6 24. Qf4 Bc8 25. Rf1 Rf8 26. Bd3 Ng8 27. e5 dxe5 28. dxe5 Rg7 29. Bc4 Qg6 30. Rh2 Qg5 31. Qxg5 1/2-1/2

[Event "Corr"]
[Site "?"]
[Date "1997.10.15"]
[Round "?"]
[White "Nightingale Darrell (IRL)"]
[Black "Simmelink Joop Theo"]
[Result "1-0"]
[WhiteElo "2450"]
[BlackElo "2445"]
[PlyCount "93"]
[EventDate "1997.??.??"]
[Source "www.chesslib.no"]
[SourceDate "2004.05.04"]

1. e4 e5 2. f4 exf4 3. Nf3 d6 4. Bc4 h6 5. d3 g5 6. g3 Nc6 7. gxf4 g4 8. Ng1 Qh4+ 9. Kf1 Nf6 10. Kg2 Be6 11. Bb5 d5 12. Bxc6+ bxc6 13. f5 Bc5 14. Qe2 Bd7 15. Be3 Bb6 16. Nc3 O-O-O 17. a4 dxe4 18. dxe4 Rhe8 19. Rf1 Kb8 20. a5 Bxe3 21. Qxe3 Bc8 22. Nge2 Re5 23. Qg3 Qxg3+ 24. Nxg3 h5 25. h4 Bb7 26. Kf2 Rd2+ 27. Ke3 Rxc2 28. Kf4 Re8 29. Kg5 Nd7 30. Kxh5 Rg2 31. Rfg1 Rh8+ 32. Kg5 f6+ 33. Kg6 Rxg1 34. Rxg1 Rxh4 35. Rg2 Rh8 36. Nh5 Ba6 37. Nxf6 Ne5+ 38. Kg5 Bf1 39. Rg3 Rh3 40. Nh5 Bc4 41. Kf4 Nd3+ 42. Kxg4 Rh2 43. b3 Nf2+ 44. Kg5 Bxb3 45. e5 Kc8 46. e6 Rh1 47. a6 1-0

[Event "Somerset Open"]
[Site "Somerset"]
[Date "1986.??.??"]
[Round "3"]
[White "Popovych, Orest"]
[Black "Spassky, Boris Vasily"]
[Result "0-1"]
[WhiteElo "2270"]
[BlackElo "2610"]
[PlyCount "78"]
[EventDate "1986.??.??"]
[Source "www.chesslib.no"]
[SourceDate "2004.05.04"]

1. e4 e5 2. f4 exf4 3. Nf3 d6 4. d4 g5 5. h4 g4 6. Ng1 f3 7. Be3 Be7 8. Bf2 Nf6 9. gxf3 Rg8 10. Bg2 Nc6 11. Nc3 gxf3 12. Bxf3 Ng4 13. Qd2 Bf8 14. Bxg4 Bxg4 15. Nge2 f5 16. exf5 Qf6 17. Be3 Qxf5 18. O-O-O O-O-O 19. Rdf1 Qa5 20. Rf4 Bxe2 21. Qxe2 Bh6 22. Re4 d5 23. Rg4 Rge8 24. Rg3 Rxe3 25. Rxe3 Qb4 26. Kb1 Bxe3 27. Qxe3 Qxd4 28. Qe6+ Kb8 29. Qf7 h6 30. Qh5 Qe5 31. Qxh6 d4 32. Nd1 Qe4 33. Rh3 Nb4 34. Qd2 d3 35. cxd3 Qe6 36. Qg5 Kc8 37. Re3 Qxa2+ 38. Kc1 Nxd3+ 39. Kc2 Nb4+ 0-1

[Event "Warsaw Open"]
[Site "Warsaw POL"]
[Date "1989.??.??"]
[Round "?"]
[White "Bronstein, David I"]
[Black "Petkevich, Jusefs"]
[Result "1/2-1/2"]
[WhiteElo "2435"]
[BlackElo "2440"]
[PlyCount "25"]
[EventDate "1989.04.??"]
[Source "www.chesslib.no"]
[SourceDate "2004.05.04"]

1. e4 e5 2. f4 exf4 3. Nf3 d6 4. d4 g5 5. h4 g4 6. Ng1 Nf6 7. Bxf4 Nxe4 8. Bd3 Qe7 9. Qe2 f5 10. Bxe4 Qxe4 11. Qxe4+ fxe4 12. Nc3 Bg7 13. Nge2 1/2-1/2

[Event "Rilton Cup 9697"]
[Site "Stockholm"]
[Date "1996.??.??"]
[Round "6"]
[White "Furhoff, Johan"]
[Black "Hjartarson, Johann"]
[Result "0-1"]
[WhiteElo "2305"]
[BlackElo "2565"]
[PlyCount "36"]
[EventDate "1996.12.??"]
[Source "ChessBase"]

1. e4 e5 2. f4 exf4 3. Nf3 d6 4. d4 g5 5. Nc3 Bg7 6. g3 h6 7. gxf4 g4 8. Be3 gxf3 9. Qxf3 h5 10. Rg1 Bg4 11. Qg2 Nc6 12. h3 Bxd4 13. Bxd4 Nxd4 14. hxg4 Qh4+ 15. Kd2 hxg4 16. Qxg4 Qf2+ 17. Be2 Nf6 18. Qg3 Nxe4+ 0-1

[Event "United States of America"]
[Site "United States of America"]
[Date "1979.??.??"]
[Round "?"]
[White "Day, Lawrence A"]
[Black "Blocker, Calvin"]
[Result "1-0"]
[WhiteElo "2375"]
[BlackElo "2495"]
[PlyCount "61"]
[EventDate "1979.??.??"]
[Source "www.chesslib.no"]
[SourceDate "2004.05.04"]

1. e4 e5 2. f4 exf4 3. Nf3 d6 4. d4 g5 5. h4 g4 6. Ng1 Bh6 7. Ne2 Qf6 8. Nbc3 Ne7 9. Qd2 Nbc6 10. g3 f3 11. Qxh6 Qxh6 12. Bxh6 fxe2 13. Nxe2 f5 14. e5 dxe5 15. dxe5 Be6 16. Nf4 Bd5 17. Nxd5 Nxd5 18. O-O-O Nce7 19. Rh2 c6 20. Rhd2 b5 21. c4 bxc4 22. Bxc4 Rg8 23. h5 Kf7 24. e6+ Ke8 25. Bb3 Rd8 26. Ba4 Rd6 27. Rxd5 Nxd5 28. Rxd5 Rxe6 29. Bd2 Ke7 30. Rxf5 Rd8 31. Bg5+ 1-0

[Event "Ch Belgium"]
[Site "Namur (Belgium)"]
[Date "2007.06.30"]
[Round "1"]
[White "Henris Luc (BEL)"]
[Black "Dgebuadze Alexandre (BEL)"]
[Result "1/2-1/2"]
[WhiteElo "2326"]
[BlackElo "2538"]
[PlyCount "42"]
[EventDate "2007.??.??"]
[Source "www.chesslib.no"]
[SourceDate "2004.05.04"]

1. e4 e5 2. f4 exf4 3. Nf3 d6 4. d4 g5 5. h4 g4 6. Ng1 Qf6 7. Nc3 Ne7 8. Nge2 Bh6 9. Qd2 Nbc6 10. Nb5 Kd8 11. e5 Qe6 12. Nxf4 Bxf4 13. Qxf4 a6 14. Nc3 Bd7 15. Be2 dxe5 16. dxe5 Ng6 17. Qf2 Kc8 18. h5 Ngxe5 19. Bf4 b6 20. O-O-O Kb7 21. Nd5 Rhe8 1/2-1/2

[Event "New England Masters"]
[Site "Peabody USA"]
[Date "2007.08.17"]
[Round "9"]
[White "Pruess, D."]
[Black "Hess, Ro"]
[Result "0-1"]
[WhiteElo "2424"]
[BlackElo "2439"]
[PlyCount "74"]
[EventDate "2007.08.13"]
[Source "www.chesslib.no"]
[SourceDate "2004.05.04"]

1. e4 e5 2. f4 exf4 3. Nf3 d6 4. Bc4 h6 5. b4 Be6 6. Bb3 Nf6 7. Nc3 Nbd7 8. d4 Bxb3 9. axb3 d5 10. Nxd5 Nxd5 11. exd5 Bxb4+ 12. Bd2 Qe7+ 13. Kf2 Nf6 14. Re1 Ng4+ 15. Kg1 Ne3 16. Bxb4 Qxb4 17. Qd3 O-O 18. c4 b5 19. Ne5 bxc4 20. bxc4 Qb2 21. Qe4 f5 22. Rab1 Qd2 23. Qf3 Qxd4 24. Nc6 Qxc4 25. Rec1 Qe4 26. Qxe4 fxe4 27. Ne7+ Kh7 28. Rxc7 Rab8 29. Rcc1 Rxb1 30. Rxb1 a5 31. h3 Rd8 32. Rb7 Nxd5 33. Nf5 Kg6 34. Nxg7 e3 35. Ra7 Rb8 36. Kf1 Nc3 37. g4 fxg3 0-1

[Event "Rome Open"]
[Site "Rome ITA"]
[Date "1990.??.??"]
[Round "6"]
[White "Sanchez Almeyra, Jorge"]
[Black "Braga, Fernando"]
[Result "1/2-1/2"]
[WhiteElo "2380"]
[BlackElo "2480"]
[PlyCount "38"]
[EventDate "1990.02.??"]
[Source "www.chesslib.no"]
[SourceDate "2004.05.04"]

1. e4 e5 2. f4 exf4 3. Nf3 d6 4. Bc4 Nf6 5. Nc3 Be7 6. d4 O-O 7. Bxf4 Nxe4 8. Nxe4 d5 9. Bd3 dxe4 10. Bxe4 Bd6 11. Bxd6 Qxd6 12. O-O Nd7 13. c3 Nf6 14. Bc2 c5 15. Qd3 g6 16. Qd2 cxd4 17. Nxd4 Ng4 18. Qf4 Qxf4 19. Rxf4 Bd7 1/2-1/2

[Event "OHRA-B"]
[Site "Amsterdam"]
[Date "1985.??.??"]
[Round "8"]
[White "Bosboom, Manuel"]
[Black "Ermenkov, Evgenij"]
[Result "1-0"]
[WhiteElo "2340"]
[BlackElo "2520"]
[PlyCount "81"]
[EventDate "1985.07.??"]
[Source "ChessBase"]

1. e4 e5 2. f4 exf4 3. Nf3 d6 4. d4 g5 5. Nc3 Bg7 6. h4 g4 7. Ng1 Nc6 8. Bb5 Bd7 9. Bxc6 bxc6 10. Bxf4 Ne7 11. h5 Qb8 12. Nge2 Qb6 13. h6 Bf8 14. Qd2 O-O-O 15. O-O f5 16. Bg5 Re8 17. Ng3 Rg8 18. exf5 Rxg5 19. Qxg5 Qxd4+ 20. Kh2 Nd5 21. Nxd5 cxd5 22. c3 Qe3 23. Qxe3 Rxe3 24. Rae1 Re5 25. Rxe5 dxe5 26. Nh5 Bxh6 27. Nf6 Bb5 28. Rd1 c6 29. b3 e4 30. c4 dxc4 31. Nxe4 Kc7 32. a4 Ba6 33. bxc4 Bxc4 34. Kg3 Bf8 35. Rh1 h6 36. Kxg4 c5 37. Kf4 Bd5 38. Ke5 Bc6 39. Rc1 Kb6 40. f6 Bxa4 41. Nxc5 1-0